All biomes (advancement requirements) - Minecraft - Statistics

General Stats
  • This quiz has been taken 26 times
  • The average score is 25 of 57
Answer Stats
Answer % Correct
Forest
83%
Jungle
83%
Plains
83%
Badlands
67%
Bamboo jungle
67%
Birch forest
67%
Cold ocean
67%
Deep dark
67%
Deep ocean
67%
Desert
67%
Flower forest
67%
Ice spikes
67%
Lush cave
67%
Ocean
67%
River
67%
Snowy plains
67%
Swamp
67%
Swamp
67%
Taiga
67%
Warm ocean
67%
Beach
50%
Cherry grove
50%
Deep cold ocean
50%
Grove
50%
Lukewarm ocean
50%
Mangrove swamp
50%
Meadow
50%
Savanna
50%
Sparse jungle
50%
Stony shore
50%
Sunflower plains
50%
Windswept savanna
50%
Wooded badlands
50%
Dark forest
33%
Frozen ocean
33%
Jagged peaks
33%
Old growth birch
33%
Old growth pine taiga
33%
Old growth spruce taiga
33%
Snowy taiga
33%
Stony peaks
33%
Cave
17%
Deep frozen ocean
17%
Deep lukewarm ocean
17%
Eroded badlands
17%
Frozen peaks
17%
Frozen river
17%
Mushroom fields
17%
Pale garden
17%
Savanna plateau
17%
Snowy beach
17%
Snowy slopes
17%
Windswept forest
17%
Windswept gravelly hills
17%
Windswept hills
17%
Dripstrone cave
0%
Snowy tundra
0%
No matching quizzes found
Score Distribution
Percent of People with Each Score
Percentile by Number Answered
Your Score History
You have not taken this quiz